| 000 | 00657nam a2200253Ia 4500 | ||
|---|---|---|---|
| 003 | OSt | ||
| 005 | 20221005081139.0 | ||
| 006 | a|||||r|||| 00| 0 | ||
| 007 | ta | ||
| 008 | 221004b |||||||| |||| 00| 0 eng d | ||
| 024 | _a27732 | ||
| 037 | _cTextual | ||
| 040 |
_aCRL _cCRL _beng |
||
| 041 |
_2eng _aeng |
||
| 082 | _aX:8, K9;L5 | ||
| 100 |
_aHampton David R. _9127496 |
||
| 245 | 0 |
_aModern management _b Ideas and Issues |
|
| 250 | _a2nd | ||
| 260 |
_aNew Delhi _bPrentice Hall of India _c1975 |
||
| 300 |
_a307p. _ccm. |
||
| 650 | _aMANAGEMENT | ||
| 942 |
_hX:8, K9;L5 _cTEXL _2cc |
||
| 999 |
_c987267 _d987267 |
||